| Tag |
First Indicator |
Second Indicator |
Subfields |
| LEADER |
00000cam a22000008a 4500 |
| 001 |
in00000028118 |
| 005 |
20240425165818.4 |
| 008 |
880324s1988 nyu 000 1 eng |
| 010 |
|
|
|a 88040064
|
| 020 |
|
|
|a 0892962836
|
| 035 |
|
|
|a (OCoLC)17768709
|
| 035 |
|
|
|9 AAB9808AM
|
| 040 |
|
|
|a DLC
|c DLC
|d UtOrBLW
|
| 049 |
|
|
|a TXAM
|c [A11891626]
|
| 050 |
0 |
0 |
|a PS3555.L6274
|b B5 1988
|
| 082 |
0 |
|
|a 813/.54
|2 19
|
| 100 |
1 |
|
|a Ellroy, James,
|d 1948-
|
| 245 |
1 |
4 |
|a The big nowhere :
|b a crime novel /
|c James Ellroy.
|
| 264 |
|
1 |
|a New York :
|b Mysterious Press,
|c [1988]
|
| 264 |
|
4 |
|c ©1988
|
| 300 |
|
|
|a 406 pages ;
|c 24 cm.
|
| 336 |
|
|
|a text
|b txt
|2 rdacontent
|
| 337 |
|
|
|a unmediated
|b n
|2 rdamedia
|
| 338 |
|
|
|a volume
|b nc
|2 rdacarrier
|
| 500 |
|
|
|a The Cushing Library/Basbanes copy contains three pieces of ephemera.
|
| 500 |
|
|
|a The Cushing Library/Basbanes Collection copy is part of the Nicholas A. Basbanes Collection of Inscribed Books.
|
| 948 |
|
|
|a cataloged
|b h
|c 2021/07/07
|d c
|e awday
|
| 999 |
|
|
|a MARS
|
| 999 |
f |
f |
|s bcbcdee5-16b0-349e-b508-68bbd7f21774
|i 01711c53-85e3-3e4f-a9f6-3f08197d9d7f
|t 0
|
| 952 |
f |
f |
|p normal
|a Texas A&M University
|b College Station
|c Sterling C. Evans Library
|s Evans stk
|d Evans: Library Stacks
|t 0
|e PS3555.L6274 B5 1988
|h Library of Congress classification
|i unmediated -- volume
|m A14811891526
|
| 998 |
f |
f |
|a PS3555.L6274 B5 1988
|t 0
|l Evans: Library Stacks
|